| 000 | 00000nam##2200000za#4500 |
| 001 | 9.679141 |
| 003 | CaOODSP |
| 005 | 20200401053551 |
| 007 | ta |
| 008 | 150407|1994||||xxc||||| f|0| 0 fre|d |
| 020 | |a0-662-98909-0 |
| 040 | |aCaOODSP|bfre |
| 043 | |an-cn--- |
| 086 | 1 |aEn21-125/1994F |
| 110 | 1 |aCanada. |bEnvironnement Canada. |
| 245 | 13|aLe rapport national du Canada sur les changements climatiques : |bmesures en vertu de la Convention-cadre des Nations Unies sur les changements climatiques |
| 260 | |aOttawa - Ontario : |bEnvironnement Canada |c1994. |
| 300 | |ax, 167p. : |bfigures, graphiques, références, tableaux ; |c28 cm. |
| 500 | |aSommaire: Introduction.--Répercussions possibles du changement climatique sur le Canada.--Le Canada et les émissions de gaz à effet de serre.--Le cadre d'action du Canada.--Limiter les émissions nettes de gaz à effet de serre.--Adaption au changement climatique.--Sensibilisation du public au changement climatique.--Compréhension du changement climatique.--Amélioration du processus décisionnel.--La coopération internationale.--Inventaire national des émissions anthropiques de gaz à effet de serre au Canada.--Indicateurs du changement climatique.--Prévisions nationales des émissions au Canada.--Études de cas: émissions de dioxyde de carbone associées aux besoins de chauffage des nouvelles maisons individuelles.--Regard vers l'avenir.--Références. |
| 563 | |aCouverture souple |
| 590 | |a94-07|b1994-02-18 |
| 691 | 07|aClimat|2gcpds |
| 775 | 08|tCanada's national report on climate change : |w(CaOODSP)9.645464 |
| 776 | 0#|tLe rapport national du Canada sur les changements climatiques |w(CaOODSP)9.639030 |